000 00444nam a22001697a 4500
003 NUST - PNEC
005 20170116181042.0
008 150922b xxu||||| |||| 00| 0 eng d
040 _cLIBRARY
082 _a620.11282 TIM
100 _95018
_a Timoshenko, Stephen
245 _aTheory of plates and shells
_cStephen Timoshenko
250 _a2nd ed.
260 _cc 1959
650 _911628
_aElastic plates and shells
_xME
942 _2ddc
_cBK
999 _c68149
_d68149